[Event "GER Cup Net Final-B U2000"]
[Site "Playchess.com INT"]
[Date "2020.06.06"]
[Round "4"]
[White "Feldmann, Bernd"]
[Black "Haase, Christian"]
[Result "1-0"]
[WhiteElo "1838"]
[BlackElo "1701"]
[PlyCount "75"]
[EventDate "2020.06.06"]
[EventType "swiss (blitz)"]
[EventRounds "13"]
[EventCountry "GER"]
[SourceTitle "CBM 197 Extra"]
[Source "ChessBase"]
[SourceDate "2020.09.30"]
[SourceVersion "1"]
[SourceVersionDate "2020.09.30"]
[SourceQuality "1"]

1. d4 Nf6 2. c4 d6 3. Nc3 g6 4. e4 Bg7 5. f4 0-0 6. Nf3 c5 7. d5 a6 8. a4 e6 9. Be2 exd5 10. cxd5 Re8 11. Nd2 Nbd7 12. 0-0 Nf8 13. Bf3 Bd7 14. Nc4 Qc7 15. h3 b5 16. axb5 axb5 17. Rxa8 Rxa8 18. Nd2 b4 19. Ne2 Bb5 20. Qc2 Nh5 21. g4 Bxe2 22. Bxe2 Bd4+ 23. Kg2 Ng7 24. Nf3 Bf6 25. e5 dxe5 26. fxe5 Bd8 27. d6 Qc6 28. Bd3 Nfe6 29. Be4 Qa6 30. Bxa8 Qxa8 31. Kg3 h5 32. Be3 Bb6 33. b3 Qd8 34. Qc4 hxg4 35. hxg4 g5 36. Rh1 Qe8 37. Qe4 f5 38. exf6 1-0

[Event "GER Cup Net Final-B U2000"]
[Site "Playchess.com INT"]
[Date "2020.06.06"]
[Round "8"]
[White "Grosse, Manfred"]
[Black "Haase, Christian"]
[Result "0-1"]
[WhiteElo "1766"]
[BlackElo "1701"]
[PlyCount "94"]
[EventDate "2020.06.06"]
[EventType "swiss (blitz)"]
[EventRounds "13"]
[EventCountry "GER"]
[SourceTitle "CBM 197 Extra"]
[Source "ChessBase"]
[SourceDate "2020.09.30"]
[SourceVersion "1"]
[SourceVersionDate "2020.09.30"]
[SourceQuality "1"]

1. e4 e6 2. d4 d5 3. e5 c5 4. c3 Nc6 5. Nf3 cxd4 6. cxd4 Nge7 7. Bd3 Nb4 8. Bb5+ Bd7 9. Bxd7+ Qxd7 10. 0-0 Ng6 11. Nc3 Be7 12. Be3 0-0 13. Qb3 Rfc8 14. a3 Nc6 15. Rac1 Na5 16. Qa2 a6 17. Ne2 Rxc1 18. Rxc1 Rc8 19. Rxc8+ Qxc8 20. Ne1 Nc4 21. Qb3 Nxe3 22. Qxe3 h6 23. g3 Qc4 24. Qd3 Nf8 25. Qd2 Nd7 26. Kg2 Bg5 27. f4 Bd8 28. Kf3 Nb6 29. Qa5 Qc7 30. Qc3 Nc4 31. Nd3 b6 32. a4 Na5 33. Qxc7 Bxc7 34. b4 Nc4 35. b5 axb5 36. axb5 Bd8 37. Nc3 Be7 38. Ke2 g5 39. Na4 Kg7 40. Ndb2 Nxb2 41. Nxb2 Bb4 42. Na4 Ba5 43. Kd3 Kg6 44. Nb2 Kf5 45. Nd1 gxf4 46. gxf4 Kg4 47. Ne3+ Kh3 0-1

[Event "GER Cup Net Final-B U2000"]
[Site "Playchess.com INT"]
[Date "2020.06.06"]
[Round "11"]
[White "Haase, Christian"]
[Black "Wagner, Rainer"]
[Result "0-1"]
[WhiteElo "1701"]
[BlackElo "1754"]
[PlyCount "64"]
[EventDate "2020.06.06"]
[EventType "swiss (blitz)"]
[EventRounds "13"]
[EventCountry "GER"]
[SourceTitle "CBM 197 Extra"]
[Source "ChessBase"]
[SourceDate "2020.09.30"]
[SourceVersion "1"]
[SourceVersionDate "2020.09.30"]
[SourceQuality "1"]

1. Nf3 d5 2. g3 Nf6 3. Bg2 c5 4. d3 Nc6 5. Nbd2 g6 6. 0-0 Bg7 7. e4 0-0 8. Re1 e6 9. h3 Rb8 10. c3 b5 11. Qc2 Bb7 12. Nf1 dxe4 13. dxe4 Qb6 14. Bf4 Rbd8 15. Rad1 Nd7 16. Bd6 Rfe8 17. Ne3 Nde5 18. Ng4 Nxf3+ 19. Bxf3 h5 20. Ne3 Ne5 21. Bxe5 Bxe5 22. Bg2 c4 23. Rxd8 Rxd8 24. Rd1 Rxd1+ 25. Qxd1 Bxg3 26. fxg3 Qxe3+ 27. Kh2 Qd3 28. Qxd3 cxd3 29. Kg1 d2 30. Bf3 Bxe4 31. Bd1 Bf5 32. h4 Bg4 0-1

[Event "GER Cup Net V3 U2000"]
[Site "Playchess.com INT"]
[Date "2020.05.27"]
[Round "8"]
[White "Haase, Christian"]
[Black "Stangl, Anita"]
[Result "0-1"]
[WhiteElo "1697"]
[BlackElo "1680"]
[PlyCount "100"]
[EventDate "2020.05.27"]
[EventType "swiss (blitz)"]
[EventRounds "9"]
[EventCountry "GER"]
[SourceTitle "EXT 2021"]
[Source "ChessBase"]
[SourceDate "2020.10.23"]
[SourceVersion "1"]
[SourceVersionDate "2020.10.23"]
[SourceQuality "1"]

1. Nf3 e6 2. g3 d5 3. Bg2 Nf6 4. d3 Bd6 5. 0-0 0-0 6. Nbd2 e5 7. e4 d4 8. a3 Be6 9. h3 h6 10. Kh2 c5 11. Qe2 Nc6 12. Nc4 Bxc4 13. dxc4 a6 14. Nh4 Bc7 15. Nf5 Nh7 16. Qg4 g6 17. Nxh6+ Kh8 18. h4 Qf6 19. Bg5 Qg7 20. Qd7 f6 21. Qxg7+ Kxg7 22. Bd2 Ne7 23. f3 Rh8 24. Ng4 f5 25. exf5 gxf5 26. Nf2 Nf6 27. Nd3 e4 28. fxe4 fxe4 29. Nf4 Bxf4 30. Bxf4 Ng6 31. Bg5 Ng4+ 32. Kg1 e3 33. Bd5 Nf2 34. Rxf2 exf2+ 35. Kxf2 Ne5 36. Re1 Rhf8+ 37. Kg2 Ng4 38. Re7+ Kh8 39. Kh3 Nf2+ 40. Kg2 Ng4 41. Bf4 Rae8 42. Rxb7 Ne3+ 43. Kh3 Nxd5 44. cxd5 Rd8 45. d6 Rfe8 46. Rb6 Re2 47. Bg5 Rd7 48. Be7 Rxc2 49. Rxa6 d3 50. Bg5 d2 0-1

[Event "GER Cup Net V1 U2000"]
[Site "Playchess.com INT"]
[Date "2020.05.19"]
[Round "6"]
[White "Haase, Christian"]
[Black "Radi, Guenter"]
[Result "1-0"]
[WhiteElo "1833"]
[BlackElo "1702"]
[PlyCount "79"]
[EventDate "2020.05.19"]
[EventType "swiss (blitz)"]
[EventRounds "9"]
[EventCountry "GER"]
[SourceTitle "EXT 2021"]
[Source "ChessBase"]
[SourceDate "2020.10.23"]
[SourceVersion "1"]
[SourceVersionDate "2020.10.23"]
[SourceQuality "1"]

1. Nf3 e6 2. g3 d5 3. d3 c5 4. Bg2 Nc6 5. 0-0 g6 6. Nbd2 Bg7 7. Re1 Nge7 8. c3 0-0 9. e4 d4 10. cxd4 cxd4 11. a3 e5 12. h3 Bd7 13. Kh2 Qc7 14. Nf1 f5 15. exf5 gxf5 16. Ng5 Ng6 17. Qb3+ Kh8 18. Nf7+ Rxf7 19. Qxf7 Rf8 20. Qc4 f4 21. g4 Nh4 22. Be4 f3 23. Ng3 Ng2 24. Rg1 Nh4 25. Bg5 Ng6 26. Nf5 Bf6 27. Bh6 Bh4 28. Bxf8 Nxf8 29. Rgf1 Be6 30. Qc5 Bg5 31. Qxf8+ Bg8 32. Rac1 Qd7 33. Rxc6 bxc6 34. Rd1 c5 35. Re1 Qc7 36. Qe8 Bf4+ 37. Kg1 Qa5 38. Rf1 Qc7 39. Qh5 Qd7 40. Nh4 1-0

[Event "GER Cup Net V1 U2000"]
[Site "Playchess.com INT"]
[Date "2020.05.19"]
[Round "8"]
[White "Haase, Christian"]
[Black "Schewe, Bernhard"]
[Result "1-0"]
[WhiteElo "1830"]
[BlackElo "1837"]
[PlyCount "119"]
[EventDate "2020.05.19"]
[EventType "swiss (blitz)"]
[EventRounds "9"]
[EventCountry "GER"]
[SourceTitle "EXT 2021"]
[Source "ChessBase"]
[SourceDate "2020.10.23"]
[SourceVersion "1"]
[SourceVersionDate "2020.10.23"]
[SourceQuality "1"]

1. Nf3 e6 2. g3 d5 3. Bg2 Nf6 4. d3 Be7 5. 0-0 0-0 6. Nbd2 c5 7. Re1 Nc6 8. e4 dxe4 9. dxe4 Bd7 10. c3 Qc7 11. Nc4 b5 12. Bf4 Qb7 13. Nd6 Qa6 14. Qe2 e5 15. Nxe5 Nxe5 16. Nf5 Ng6 17. Nxe7+ Nxe7 18. e5 Nfd5 19. Bg5 f6 20. exf6 gxf6 21. Bh4 Rae8 22. Qh5 Nc7 23. Rad1 Bf5 24. Rxe7 Rxe7 25. Qxf5 Qe6 26. Qf3 Qe2 27. Qxe2 Rxe2 28. Rc1 Rxb2 29. g4 Kg7 30. Bg3 Ne6 31. Rd1 Rf7 32. Rd6 Rb1+ 33. Bf1 Ng5 34. Kg2 Ne4 35. Bd3 Nxd6 36. Bxb1 Nc4 37. Bf5 a5 38. h4 Rb7 39. Bf4 b4 40. cxb4 cxb4 41. Be4 Rb8 42. Bxb8 a4 43. Bd5 Nb6 44. Be6 b3 45. axb3 a3 46. b4 Na4 47. b5 Nb6 48. Bd6 Nc8 49. Bxa3 Nb6 50. Bc5 Na4 51. Be3 f5 52. gxf5 Kf6 53. b6 Nxb6 54. Bxb6 h5 55. Be3 Ke5 56. Kg3 Kf6 57. Kf4 Ke7 58. Kg5 Kd6 59. Kxh5 Ke5 60. Kg6 1-0

[Event "Leipzig VfB op 15th"]
[Site "Leipzig"]
[Date "2008.03.01"]
[Round "7"]
[White "Haase, Christian"]
[Black "Pauscher, Wolfgang"]
[Result "1-0"]
[WhiteElo "1653"]
[BlackElo "1845"]
[PlyCount "49"]
[EventDate "2008.02.26"]
[EventType "swiss"]
[EventRounds "9"]
[EventCountry "GER"]
[SourceTitle "CBM 123 Extra"]
[Source "ChessBase"]
[SourceDate "2008.05.06"]
[SourceVersion "1"]
[SourceVersionDate "2008.05.06"]
[SourceQuality "1"]

1. Nf3 d5 2. g3 c6 3. Bg2 Nf6 4. 0-0 Bg4 5. h3 Bxf3 6. Bxf3 e5 7. d3 Bd6 8. Nd2 0-0 9. e4 Nbd7 10. Bg2 Qc7 11. c4 d4 12. a3 c5 13. Nf3 Rfd8 14. Nh4 g6 15. f4 exf4 16. gxf4 Bf8 17. e5 Nh5 18. Qg4 Bg7 19. Bd5 Nf8 20. Nf3 h6 21. f5 Kh7 22. fxg6+ fxg6 23. Be4 Bxe5 24. Qxh5 Bf4 25. Qg4 1-0

[Event "Leipzig VfB op 15th"]
[Site "Leipzig"]
[Date "2008.02.28"]
[Round "4"]
[White "Huebner, Stefan"]
[Black "Haase, Christian"]
[Result "1-0"]
[WhiteElo "1612"]
[BlackElo "1653"]
[PlyCount "95"]
[EventDate "2008.02.26"]
[EventType "swiss"]
[EventRounds "9"]
[EventCountry "GER"]
[SourceTitle "CBM 123 Extra"]
[Source "ChessBase"]
[SourceDate "2008.05.06"]
[SourceVersion "1"]
[SourceVersionDate "2008.05.06"]
[SourceQuality "1"]

1. d4 Nf6 2. c4 g6 3. Nc3 Bg7 4. e4 d6 5. Nf3 0-0 6. Bd3 Nc6 7. 0-0 e5 8. d5 Ne7 9. Be3 Nd7 10. Qd2 f5 11. Bh6 f4 12. Bxg7 Kxg7 13. b4 h6 14. c5 g5 15. cxd6 cxd6 16. Nb5 Nf6 17. Rac1 Ne8 18. Qc2 Rf7 19. Nc7 Nxc7 20. Qxc7 Qxc7 21. Rxc7 Ng6 22. Rfc1 Rxc7 23. Rxc7+ Kf6 24. Nd2 Nh8 25. Bb5 a6 26. Be2 Kg6 27. Nc4 Nf7 28. Nb6 Rb8 29. Rxc8 Rxc8 30. Nxc8 h5 31. Ne7+ Kf6 32. Nf5 g4 33. f3 Kg5 34. Kf2 b5 35. Bd1 gxf3 36. gxf3 Kf6 37. h4 Kg6 38. a4 bxa4 39. Bxa4 Kf6 40. Be8 Nd8 41. Bxh5 Nb7 42. Be8 a5 43. bxa5 Nxa5 44. h5 Nb7 45. h6 Nd8 46. h7 Nf7 47. Bxf7 Kg5 48. h8R 1-0

[Event "Leipzig VfB op 13th"]
[Site "Leipzig"]
[Date "2006.03.15"]
[Round "2"]
[White "Richter, Steffen"]
[Black "Haase, Christian"]
[Result "1-0"]
[WhiteElo "2088"]
[BlackElo "1569"]
[PlyCount "123"]
[EventDate "2006.03.14"]
[EventType "swiss"]
[EventRounds "9"]
[EventCountry "GER"]
[SourceTitle "EXT 2008"]
[Source "ChessBase"]
[SourceDate "2007.11.25"]
[SourceVersion "1"]
[SourceVersionDate "2007.11.25"]
[SourceQuality "1"]

1. d4 Nf6 2. Nf3 g6 3. c4 Bg7 4. Nc3 0-0 5. e4 d6 6. Be2 e5 7. dxe5 dxe5 8. Qxd8 Rxd8 9. Bg5 Re8 10. 0-0-0 c5 11. Ne1 Nc6 12. Nc2 Nd4 13. f3 Nd7 14. Rhe1 f6 15. Be3 f5 16. exf5 Nxe2+ 17. Rxe2 gxf5 18. Nb5 Re7 19. Nd6 f4 20. Bxf4 Bf6 21. Bg3 Nf8 22. Ne4 Bg7 23. Ne3 Bh6 24. Kc2 Bxe3 25. Rxe3 Bf5 26. Kc3 b6 27. Nf6+ Kf7 28. Nd5 Rd7 29. Rxe5 Be6 30. Rh5 b5 31. b3 Rad8 32. Bh4 Rc8 33. Rd2 Bxd5 34. Rdxd5 Rxd5 35. Rxd5 b4+ 36. Kd3 Rc7 37. Bg3 Rc6 38. f4 Kg6 39. f5+ Kf7 40. Bf4 Ke8 41. g4 Nd7 42. g5 Ra6 43. Be3 Rxa2 44. Bxc5 Nxc5+ 45. Rxc5 Rxh2 46. Ra5 Rh3+ 47. Ke4 Rxb3 48. Rxa7 Rh3 49. Ke5 b3 50. Rb7 Re3+ 51. Kf6 Rd3 52. c5 Rc3 53. Rxh7 Rxc5 54. Rh8+ Kd7 55. Rb8 Rc3 56. g6 Rg3 57. Kf7 Rf3 58. f6 Kc7 59. Rb4 Rd3 60. g7 Rd7+ 61. Kg6 Rd8 62. Rxb3 1-0

[Event "Leipzig VfB op 09th"]
[Site "Leipzig"]
[Date "2002.03.09"]
[Round "7"]
[White "Haase, Christian"]
[Black "Neumann, Niels"]
[Result "1/2-1/2"]
[WhiteElo "1453"]
[BlackElo "1859"]
[PlyCount "43"]
[EventDate "2002.03.05"]
[EventType "swiss"]
[EventRounds "9"]
[EventCountry "GER"]
[SourceTitle "EXT 2007"]
[Source "ChessBase"]
[SourceDate "2006.11.23"]
[SourceVersion "1"]
[SourceVersionDate "2006.11.23"]
[SourceQuality "1"]

1. e4 g6 2. d4 Bg7 3. c4 d6 4. Nc3 Nc6 5. Be3 e5 6. d5 Nce7 7. Qd2 f5 8. g3 Nf6 9. Bg2 0-0 10. Bh6 fxe4 11. Nxe4 Nf5 12. Bxg7 Kxg7 13. 0-0-0 Nxe4 14. Bxe4 Nd4 15. h4 Bg4 16. Rf1 Bf3 17. Nxf3 Nxf3 18. Qe3 Qf6 19. h5 g5 20. Bxf3 Qxf3 21. Qxg5+ Kh8 22. Qe3 1/2-1/2

[Event "Leipzig VfB op 09th"]
[Site "Leipzig"]
[Date "2002.03.06"]
[Round "3"]
[White "Haase, Christian"]
[Black "Ewald, Hans Juergen"]
[Result "0-1"]
[WhiteElo "1453"]
[BlackElo "1658"]
[PlyCount "20"]
[EventDate "2002.03.05"]
[EventType "swiss"]
[EventRounds "9"]
[EventCountry "GER"]
[SourceTitle "EXT 2007"]
[Source "ChessBase"]
[SourceDate "2006.11.23"]
[SourceVersion "1"]
[SourceVersionDate "2006.11.23"]
[SourceQuality "1"]

1. e4 e5 2. Nf3 Nc6 3. Bc4 Nf6 4. Ng5 d5 5. exd5 Nd4 6. Nc3 Bd6 7. Nge4 Bf5 8. Ng3 Bxc2 9. 0-0 Bxd1 10. Rxd1 0-0 0-1